000 00807nam a2200253 i 4500
001 91873
003 ES-MaACL
005 20250701212929.0
007 t|
008 050224s1997 sp ||||1| spa d
020 _a84-7923-134-3
080 _a1 Zambrano, María
100 1 _aBlanco, Rogelio.
_929204
245 1 0 _aMaría Zambrano (1904-1991) /
_cRogelio Blanco Martínez, Juan Fernando Ortega Muñoz.
250 _a1ª ed.
260 _aMadrid :
_bEdiciones del Orto,
_c1997.
300 _a94 p. ;
_c17 cm.
490 1 _aBiblioteca filosófica
600 1 4 _aZambrano, María, 1904-1991-
_xCrítica e interpretación
_9117916
700 1 _aOrtega Muñoz, Juan Fernando.
_987481
830 0 0 _aBiblioteca filosófica
_9179275
852 _aES-MaACL
_jL-28939
_bR.134153
999 _c91873
_d91873